| 000 | 03147 a2200229 4500 | ||
|---|---|---|---|
| 001 | 23174 | ||
| 005 | 20260407155520.0 | ||
| 008 | 260407a1965 arg spa d | ||
| 003 | AR-UNSa-BCEJYS | ||
| 040 |
_aAR-UNSa-BCEJYS _bspa _cAR-UNSa-BCEJYS |
||
| 080 |
_a330 _xEconomía en general |
||
| 245 | 1 | 0 |
_aCurso de economía moderna _puna descripción análitica de la realidad económica |
| 250 | _a12a. ed | ||
| 264 | 1 |
_aMadrid : _bAguilar _c1965 |
|
| 300 |
_axvii, 897 p. _c21 cm. |
||
| 505 | _aParte I : Conceptos basicos de economia y la renta nacional : 1. Introducción - 2. Los problemas centrales de toda la sociedad economica - 3. Funcionamiento del sistema "mixto" de empresa capitalista - 4. Elementos de la oferta y la demanda - 5. Las empresas: su organización e ingresos - 6. Ingresos individuales y familiares - 7. La económia individual y los seguros sociales - 8. Los trabajadores y las relaciones industriales - 9. La función económica del estado: El gasto publico, la regulación de la actividad económica y la financiación del gasto - 10. La función económica del estado: Los impuestos federales y las haciendas locales - 11. La renta y productos nacionales - Parte II : La renta Nacional : Su determinación y sus fluctuaciones : 12. Ahorro, consumo e inversión - 13. La teoría de la determinación de la renta - 14. El ciclo económicon y su previsión - 15. Precios y dinero - 16. El sistema bancario y de la creación de depósitos - 17. La politica monetaria de la banca central - 18. Síntesis de la política monetaria y de la teoria de la renta - 19. Política fiscal y el pleno empleo sin inflación - Parte III: Los precios de la producción nacional : su composición y determinación : 20. Determinación del precio por la oferta y la demanda - 21. La teoría de la utilidad y la demanda - 22. El coste y la oferta - 23. La oferta y la demanda aplicadas a la agricultura - 24. El equilibrio de la empresa: costes e ingresos - 25. La competencia imperfecta y la politica antimonopolista - Parte IV: Distribución de la renta : Formación de los precios de los factores de la producción : 26. Teoría de la producción y de la productividad marginal - 27. Formación de los precios de los factores de la producción: rentas de la tierra y otros recursos naturales - 28. Los Salarios de competencia y las negociaciones colectivas - 29. El interes y el capital - 30. Beneficios y alicientes - Parte V : El comercio y las finanzas internacionales : 31. La balaza de pagos internacionales - 32. El comercio internacional y la teoria de los costes comparativos - 33.Teorías sobre protección arancelaria y libertad de comercio - 34. Los problemas economicos internacionales de la actualidad - Parte VI: Problemas económicos actuales : 35. Problemas del crecimiento y desarrollo económico - 36. Problemas del crecimiento Económico y de la estabilidad de los precios en una económia avanzada - 37. Los distintos sistemas economicos. | ||
| 942 | _cBK | ||
| 590 | _aniveau_biblio:m niveau_hierar:0 | ||
| 100 | 1 | _aSamuelson, Paul A. | |
| 700 | 1 | _aSampedro, José Luis | |
| 700 | 1 | _aBarinaga Blanco, Jose Luis | |
| 999 |
_c1089 _d1089 |
||